The Kindness of Cybernetics (Record no. 218)

MARC details
000 -LEADER
campo de control de longitud fija 00423 a2200133 4500
082 ## - NÚMERO DE LA CLASIFICACIÓN DECIMAL DEWEY
Número de clasificación 861
Número de ítem T649b
100 ## - ENTRADA PRINCIPAL--NOMBRE DE PERSONA
Nombre de persona Gold, Janet y Toledo, Aida
9 (RLIN) 1009
245 ## - MENCIÓN DEL TÍTULO
Título The Kindness of Cybernetics
Resto del título Bondades de la Cibernetica
260 ## - PUBLICACIÓN, DISTRIBUCIÓN, ETC.
Lugar de publicación, distribución, etc. Guatemala
Nombre del editor, distribuidor, etc. Ediciones Papiro
Fecha de publicación, distribución, etc. 1998
300 ## - DESCRIPCIÓN FÍSICA
Extensión 90 p
Otras características físicas ill (col)
Dimensiones 20 cm
650 ## - PUNTO DE ACCESO ADICIONAL DE MATERIA--TÉRMINO DE MATERIA
Término de materia o nombre geográfico como elemento de entrada Poesia
Subdivisión general literatura
Subdivisión geográfica Guatemala
-- Estados Unidos
9 (RLIN) 1010
700 ## - ENTRADA AGREGADA--NOMBRE PERSONAL
Nombre de persona Janet Gold
9 (RLIN) 1011
700 ## - ENTRADA AGREGADA--NOMBRE PERSONAL
Nombre de persona Aida Toledo
9 (RLIN) 1012
Holdings
Estatus retirado Estado de pérdida Fuente del sistema de clasificación o colocación Estado de daño No para préstamo Biblioteca de origen Biblioteca actual Ubicación en estantería Fecha de adquisición Total de préstamos Signatura topográfica completa Código de barras Visto por última vez Precio de reemplazo Tipo de ítem Koha
    Clasificación Decimal Dewey     Biblioteca LadoV Biblioteca LadoV   13/06/2014   861 T649b 000228 13/06/2014 13/06/2014 Material 01